000 00746nam a22002057a 4500
999 _c100084
_d100084
005 20230703165536.0
010 _aENG-115160 ENG-137204
020 _a9789385755828
_c450.00
035 _aEN-98692 EN-120736
037 _bDABD/PUB
082 _a152.42
100 _aKlein, Stefan
245 _aThe science of happiness:
_bhow our brains make us happy and what we can do to get happier /
_cby Stefan Klein ; translated by Stephen Lehmann
260 _aNew Delhi
_bSpeaking Tiger
_c2016
270 _a4381/4 Ansari Road, Daryaganj,
_bNew Delhi
_e10002
300 _axvi,296p. :
_c23cm(pbk)
_bill.
500 _aIncludes bibliographical references and index
700 _aLehmann, Stephen
942 _2ddc
_cEN
_mKLE
_h152.42